Úloha a význam marketingového mixu v medzinárodnom obchode - firma RB Company diplomová práca

Guardado en:
Detalles Bibliográficos
Autor principal: Pokorný, Peter
Autor Corporativo: Obchodná fakulta EU. Katedra medzinárodného obchodu
Otros Autores: Sopková, Gabriela
Formato: Libro
Lenguaje:eslovaco
Publicado: Bratislava 2014
Etiquetas: Agregar Etiqueta
Sin Etiquetas, Sea el primero en etiquetar este registro!

MARC

LEADER 00000nbm a2200000 4500
001 0186274
005 20190819104740.8
041 0 |a slo 
044 |a SK 
245 1 0 |a Úloha a význam marketingového mixu v medzinárodnom obchode - firma RB Company  |b diplomová práca  |c Peter Pokorný ; školiteľ: Gabriela Sopková 
264 1 |a Bratislava  |c 2014 
300 |a 60 s. 
100 1 |a Pokorný, Peter 
700 1 |a Sopková, Gabriela 
710 2 |a Obchodná fakulta EU. Katedra medzinárodného obchodu